| 000 -LEADER |
| fixed length control field |
00851nam a22001217a 4500 |
| 040 ## - CATALOGING SOURCE |
| Transcribing agency |
RUA |
| 082 ## - DEWEY DECIMAL CLASSIFICATION NUMBER |
| Classification number |
AGR MUO 2009 B039 Or.1 |
| 100 ## - MAIN ENTRY--AUTHOR NAME |
| Personal name |
MUONG SOTHEAROTH |
| 245 ## - TITLE STATEMENT |
| Title |
comparison of sestem of rice intensification and farmers' traditional techique in krang yov commune, kandal province(ប្រៀបធៀបបច្ចេកទេសធ្វើស្រែតាមប្រព័ន្ទប្រពលវប្បកម្មដំណាំស្រូវតាមគោលការណ័ធម្មជាតិជាមួយការអនុវត្តតាមទម្លាប់កសិករក្នុង ឃុំក្រាំងយ៉ូវ ខេត្តកណ្កាល) |
| 300 ## - PHYSICAL DESCRIPTION |
| Number of Pages |
ix, 47p. |
| Other physical details |
ill. |
| Dimensions |
29cm. |
| 856 ## - ELECTRONIC LOCATION AND ACCESS |
| Uniform Resource Identifier |
https://drive.google.com/file/d/1u4EwAv_IZHe2KXTseSXRkj3KjwGE3hMy/view?usp=sharing |
| 942 ## - ADDED ENTRY ELEMENTS (KOHA) |
| Koha item type |
AGR |
| 952 ## - LOCATION AND ITEM INFORMATION (KOHA) |
| Withdrawn status [LOCAL, KOHA] |
0 |
| 952 ## - LOCATION AND ITEM INFORMATION (KOHA) |
| Withdrawn status [LOCAL, KOHA] |
0 |
| 952 ## - LOCATION AND ITEM INFORMATION (KOHA) |
| Withdrawn status [LOCAL, KOHA] |
0 |
| 952 ## - LOCATION AND ITEM INFORMATION (KOHA) |
| Withdrawn status [LOCAL, KOHA] |
0 |
| 952 ## - LOCATION AND ITEM INFORMATION (KOHA) |
| Withdrawn status [LOCAL, KOHA] |
0 |
| 952 ## - LOCATION AND ITEM INFORMATION (KOHA) |
| Withdrawn status [LOCAL, KOHA] |
0 |
| 952 ## - LOCATION AND ITEM INFORMATION (KOHA) |
| Withdrawn status [LOCAL, KOHA] |
0 |
| 952 ## - LOCATION AND ITEM INFORMATION (KOHA) |
| Withdrawn status [LOCAL, KOHA] |
0 |
| 952 ## - LOCATION AND ITEM INFORMATION (KOHA) |
| Withdrawn status [LOCAL, KOHA] |
0 |